Central Library OPAC University of Rajshahi

Treasury of philosophy / (Record no. 29169)

MARC details
000 -LEADER
fixed length control field 00707cam a2200253 4500
001 - CONTROL NUMBER
control field 29169
003 - CONTROL NUMBER IDENTIFIER
rucl marc code BD-RjUL
005 - DATE AND TIME OF LATEST TRANSACTION
control field 20211209051400.0
008 - FIXED-LENGTH DATA ELEMENTS--GENERAL INFORMATION
fixed length control field 140402s1955 nyu 001 0deng
035 ## - SYSTEM CONTROL NUMBER
System control number (BD-RjUL)29254
040 ## - CATALOGING SOURCE
Original cataloging agency DLC
Transcribing agency DLC
Modifying agency DLC
-- BD-RjUL
Language of cataloging eng
041 ## - LANGUAGE CODE
Language code of text/sound track or separate title eng
082 00 - DEWEY DECIMAL CLASSIFICATION NUMBER
Classification number 108.2
Author mark and year TRE 1955
245 10 - TITLE STATEMENT
Title Treasury of philosophy /
Statement of responsibility, etc. Edited by Dagobert D. Runes
260 ## - PUBLICATION, DISTRIBUTION, ETC. (IMPRINT)
Place of publication, distribution, etc. New York :
Name of publisher, distributor, etc. Philosophical Library,
Date of publication, distribution, etc. c1955.
300 ## - PHYSICAL DESCRIPTION
Pagination 1280 p. ;
Size 22 cm.
504 ## - BIBLIOGRAPHY, ETC. NOTE
Bibliography, etc Includes index.
650 #0 - SUBJECT ADDED ENTRY--TOPICAL TERM
Topical term or geographic name as entry element Philosophers.
9 (RLIN) 89050
Topical term or geographic name as entry element Philosophy.
9 (RLIN) 89051
700 ## - ADDED ENTRY--PERSONAL NAME
Personal name Runes, Dagobert D.
Fuller form of name (Dagobert David),
942 ## - ADDED ENTRY ELEMENTS (KOHA)
Source of classification or shelving scheme Dewey Decimal Classification
Koha item type Books
Holdings
Lost status Source of classification or shelving scheme Damaged status Not for loan Collection code Permanent Location Current Location Shelving location Date acquired Total Checkouts Full call number Date last seen Copy number Koha item type
  Dewey Decimal Classification   Added to bundle Non-fiction Central Library, University of Rajshahi Central Library, University of Rajshahi Reading Room 02/04/2014   108.2 TRE 1955 02/04/2014 C-1 Books